000 00618nam a2200205 i 4500
001 68499
003 ES-MaACL
005 20250812022435.0
007 t|
008 040630s1898 xxk ||||1| eng d
100 1 _aGardner, Percy.
_955515
245 1 2 _aA manual of greek antiquities
_b: /
_cbooks I-V by Percy Gardner ; books VI-IX by Frank Byron Jevons.
250 _a2ยช ed.
260 _aLondon :
_bCherles Griffin,
_c1898.
300 _a2 v. ;
_c19 cm.
650 7 _aArte griego
_2embne
_910221
700 1 _aJevons, Frank Byron.
_966384
852 _aES-MaACL
_jD-1344-5
999 _c68499
_d68499